• 首页
  • 本馆介绍
  • 公告通知
  • 最新文献
  • 馆藏检索
  • 电子资源
  • 读者导购
  • 参考咨询
  • 我的图书馆
  • 登录
  • 详细信息显示
  • 放入我的书架
  • 预约/预借图书
  • 作者相关作品
  • 分类相关作品
  • 丛书相关作品
  • 出版社相关作品

书目信息

  • 表格格式
  • 工作单格式
  • 卡片格式
题名:
柴油机与拖拉机
    
 
作者: 唐山师范学校理化班学员理化教研组 编
分册:  
出版信息: 唐山   唐山师范学校  
页数: 68页
开本: 20cm
丛书名:
单 册:
中图分类: TK42
科图分类:
主题词: 柴油机
电子资源:
ISBN:
000 00633nam0 2200181 450
001 0652592138
005 20060727143902.32
010    @d不详
100    @a20060727d km y0chiy0120 ea
101 0  @achi
200 1  @a柴油机与拖拉机@Achai you ji yu tuo la ji@f唐山师范学校理化班学员理化教研组编@Ftang shan shi fan xue xiao li hua ban xue yuan li hua jiao yan zu bian
210    @a唐山@c唐山师范学校
215    @a68页@d20cm
606 0  @a柴油机
690    @aTK42@v3
701  0 @a唐山师范学校理化班学员理化教研组@Atang shan shi fan xue xiao li hua ban xue yuan li hua jiao yan zu@4编
801  0 @aCN@bPFT@c20060727
905    @a10447@dTK42@e54
    
    柴油机与拖拉机/唐山师范学校理化班学员理化教研组编.-唐山:唐山师范学校
    68页;20cm
    
    
    ISBN :不详
    
●
相关链接 在E读中查询图书 在五车中查询图书 在当当中查询图书 在豆瓣中查询图书


正题名:柴油机与拖拉机     索取号:TK42/54         预约/预借

序号 登录号 条形码 馆藏地/架位号 状态 备注
1 0438762   204387626   密集书库/ [索取号:TK42/54] 在馆    
2 0438763   204387635   密集书库/ [索取号:TK42/54] 在馆    
3 0438764   204387644   密集书库/ [索取号:TK42/54] 在馆    
唐山师范学院图书馆 欢迎您!
大连网信软件有限公司© 版权所有